Statistics for Famous Married Couples Quiz #1

Click here to take the quiz!

General Stats

  • This quiz has been taken 57,719 times
    (14,825 since last reset)
  • The average score is 13 of 20

Answer Stats

Couple Last Name % Correct
Hillary & BillClinton
100%
Donald & IvanaTrump
98%
Franklin & EleanorRoosevelt
90%
Victoria & DavidBeckham
88%
Will & JadaSmith
85%
Tina & IkeTurner
80%
Paul & LindaMcCartney
74%
Nelson & WinnieMandela
73%
George & AmalClooney
72%
Bill & MelindaGates
65%
Marie & PierreCurie
63%
Johnny & JuneCash
62%
Jacqueline & AristotleOnassis
60%
Eva & JuanPerĂ³n
59%
George & MarthaWashington
57%
Imelda & FerdinandMarcos
48%
Tony & CherieBlair
43%
Virginia & LeonardWoolf
42%
Abigail & JohnAdams
39%
Martin & CorettaKing
36%

Score Distribution

Percentile by Number Answered

Percent of People with Each Score

Your Score History

You have not taken this quiz since the last reset